| 000 | 01122cam a2200313 i 4500 | ||
|---|---|---|---|
| 001 | 53085 | ||
| 003 | Mx-PuUPA | ||
| 005 | 20230228154728.0 | ||
| 008 | 140415s2005 sp a gr 000 0 spa d | ||
| 017 | _a40293/2005 | ||
| 020 | _a8496129691 | ||
| 040 |
_aMx-PuUPA _bspa _cMx-PuUPA _dMx-PuUPA _erda |
||
| 041 | 0 | _aspa | |
| 100 | 1 |
_aLawrence, T. E., _q(Thomas Edward), _d1888-1935 _eautor _94593 |
|
| 245 | 1 | 4 |
_aLos siete pilares de la sabiduría : _bun triunfo / _cT.E. Lawrence |
| 250 | _a1a. edición | ||
| 264 | 1 |
_aBarcelona, España : _bCírculo Latino, _c2005 |
|
| 300 |
_a909 páginas, 14 páginas sin numerar : _bilustraciones, mapas ; _c24 cm |
||
| 336 |
_atexto _2rdacontent _btxt |
||
| 337 |
_asin medio _2rdamedia _bn |
||
| 338 |
_avolumen _2rdacarrier _bnc |
||
| 650 | 7 |
_aÁrabes _zTurquía y cercano oriente _2armarc |
|
| 650 | 7 |
_aGuerra países Árabes _xVida social y costumbres _2armarc |
|
| 650 | 7 |
_aÁrabes _xHistoria _ySiglo 20 _2armarc |
|
| 650 | 7 |
_aSoldados _zGran Bretaña _xBiografía _2armarc |
|
| 942 |
_2ddc _cLI _h940.415 _iL415 |
||
| 999 |
_c53085 _d53085 |
||